000 01036cam a2200349 a 4500
001 4595
003 FISKH
005 20240917145121.0
008 940916s1996 nyua j 000 1 eng
010 _a 94038054
020 _a0679972439 (GLB) :
020 _a0679872434 (trade) :
020 _a9780679872436
040 _aDLC
_cDLC
_dDLC
_beng
050 _aPZ7.A7363
082 _a813.54
100 1 _aArnold, Marsha Diane.
245 1 0 _aQuick, Quack, quick /
_cby Marsha Arnold ; illustrated by Lisa McCue.
260 _aNew York :
_bRandom House,
_c1996.
300 _a32 pages :
_bcolor illustrations ;
_c23 cm
440 0 _aStep into reading.
_nStep 1 book
505 _aF
520 _aA very slow duckling saves his family during a crisis.
521 8 _a350
_bLexile
521 8 _aF
_bRaz-Plus
650 1 _aDucks
_xFiction.
650 1 _aSpeed
_xFiction.
700 1 _aMcCue, Lisa,
_eillustrator
906 _a7
_bcbc
_corignew
_d1
_eocip
_f19
_gy-gencatlg
942 _2ddc
_cBK
_n0
999 _c4595
_d4595